000 00395nam a2200193Ia 4500
001 12459
003 GE_BSU
008 181216s||||||||xx |||||||||||||| ||und||
020 _a0752827022
040 _cGE_BSU
080 _a821.111-32
100 _aJANES,J.ROBERT.
245 _aMAYHEM.
260 _aLondon.
260 _bOrion.
300 _a310p;18cm.
653 _aMAYHEM.
942 _cBK
999 _c45633
_d45633